MARC

LEADER 00000nas a2200000 a 4500
001 ssj0000514
003 WaSeSS
005 20200512172242.0
006 m d
007 cr n
008 971216c19829999ne zn pss r 0 a0eng c
010 |a  2004233820 
015 |a 17,O11  |2 dnb 
016 |a 890390584 
016 7 |a 019716761  |2 DE-101 
016 7 |a 1478688-6  |2 DE-600 
016 7 |a 012433704  |2 Uk 
022 |a 1573-0697  |l 0167-4544  |y 0167-4544 
024 8 |a pq15840 
035 |a (WaSeSS)ssj0000514 
040 |a F#A  |b eng  |e pn  |c F#A  |d OCL  |d OCLCQ  |d MUQ  |d OCLCQ  |d BUF  |d OCLCQ  |d GUA  |d OCL  |d EYM  |d OCLCQ  |d TUU  |d OCLCQ  |d OCLCO  |d GBVCP  |d BUF  |d UKMGB  |d OCLCO  |d OCLCQ  |d OCLCF  |d OCLCO  |d DEBBG  |d GWDNB  |d GILDS  |d AU@  |d DLC  |d VT2  |d NJT  |d SFB  |d WaSeSS 
042 |a pcc 
050 0 0 |a HF5387 
082 0 4 |a 174.4 
130 0 |a Journal of business ethics (Online) 
245 1 0 |a Journal of business ethics  |h [electronic resource]. 
246 1 3 |a JBE 
260 |3 Dordrecht ;  |a Boston :  |b D. Reidel Pub. Co.,  |c 1982- 
260 2 |3 1989-2004 :  |a [Netherlands] :  |b Kluwer Academic Publishers 
260 3 |3 2005- :  |a Netherlands :  |b Springer Netherlands 
310 |a 28 issues a year,  |b 2002- 
321 |a Frequency varies,  |b 1982-2001 
362 1 |a Began with Vol. 1, issue 1 (Feb. 1982). 
500 |a Title from cover (JSTOR, viewed Feb. 24, 2009). 
506 |a License restrictions may limit access. 
515 |a Some issues combined. 
538 |a Mode of access: World Wide Web. 
580 |a Incorporating: International journal of value-based management; and: Teaching business ethics. 
588 |a Description based on: Vol. 1, issue 1 (Feb. 1982); title from journal information screen (Publisher website, viewed Feb. 24, 2009). 
588 |a Latest issue consulted: Vol. 153, issue 2 (Dec. 2018) (Springer Link, viewed Nov. 28, 2018). 
650 0 |a Business ethics  |v Periodicals. 
650 6 |a Morale des affaires  |v Périodiques. 
650 7 |a Business ethics.  |2 fast  |0 (OCoLC)fst00842675 
655 0 |a Electronic journals. 
776 0 8 |i Print version:  |t Journal of business ethics  |x 0167-4544  |w (DLC) 83643888  |w (OCoLC)8398838 
780 1 5 |t International journal of value based management (Online)  |w (OCoLC)38524151 
780 1 5 |t Teaching business ethics (Dordrecht, Netherlands : Online)  |w (DLC) 2004229346  |w (OCoLC)41978989 
850 |a DLC 
856 4 0 |z Full text available from Research Library: 11/01/1987 to present  |u https://search.proquest.com/publication/6472